Quiz o narodowościach piłkarzy #1 - Statystyki

Ogólne statystyki
  • Ten quiz został rozwiązany 620 razy
  • Średni wynik to 12 z 15
Statystyki odpowiedzi
Zagadnienie Odpowiedź % Poprawnych
Który kraj na arenie międzynarodowej reprezentuje Zlatan Ibrahimowic? Szwecja
98%
Który kraj na arenie międzynarodowej reprezentuje Sergio Agüero? Argentyna
97%
Który kraj na arenie międzynarodowej reprezentuje João Félix? Portugalia
96%
Który kraj na arenie międzynarodowej reprezentuje Raphinha? Brazylia
93%
Który kraj na arenie międzynarodowej reprezentuje Peter Gulacsi? Węgry
91%
Który kraj na arenie międzynarodowej reprezentuje Chwicza Kwaracchelia? Gruzja
90%
Który kraj na arenie międzynarodowej reprezentuje Achraf Hakimi? Maroko
90%
Który kraj na arenie międzynarodowej reprezentuje Sofyan Amrabat? Maroko
80%
Który kraj na arenie międzynarodowej reprezentuje Xavi Simons? Holandia
78%
Który kraj na arenie międzynarodowej reprezentuje Cristiano Biraghi? Włochy
72%
Który kraj na arenie międzynarodowej reprezentuje Miroslav Radović? Serbia
71%
Który kraj na arenie międzynarodowej reprezentuje Marek Hamšík? Słowacja
64%
Który kraj na arenie międzynarodowej reprezentuje Víctor Valdés? Hiszpania
62%
Który kraj na arenie międzynarodowej reprezentuje Serge Aurier? WKS
54%
Który kraj na arenie międzynarodowej reprezentuje Geoffrey Kondogbia? RŚA
28%
Nie znaleziono quizów pasujących do podanych kryteriów
Rozkład punktacji
Procent ludzi z każdym wynikiem
Percentyl według liczby udzielonych odpowiedzi
Twoja historia wyników
Nie rozwiązałeś tego quizu